000 00230nam a22000857a 4500
008 160916b xxu||||| |||| 00| 0 eng d
100 _9595
_aGupta.K.K.etal
245 _aEvery Day Science-7
260 _aNew Delhi
_bFrank Publications
_c2012
999 _c3251
_d3251